书目信息 |
| 题名: |
饮用水厂膜法处理技术
|
|
| 作者: | 贾瑞宝 , 李星 , 高乃云 编著 | |
| 分册: | ||
| 出版信息: | 北京 中国建筑工业出版社 2018.07 |
|
| 页数: | 292页 | |
| 开本: | 26cm | |
| 丛书名: | ||
| 单 册: | ||
| 中图分类: | TU991.2 | |
| 科图分类: | ||
| 主题词: | 给水工程:市政工程 , 城市供水系统 | |
| 电子资源: | ||
| ISBN: | 978-7-112-19474-2 | |
| 000 | 00833nam0 2200241 450 | |
| 001 | 1933823808 | |
| 005 | 20190312092551.09 | |
| 010 | @a978-7-112-19474-2@dCNY69.00 | |
| 100 | @a20190312d2018 km y0chiy0120 ea | |
| 101 | 0 | @achi |
| 102 | @aCN@b110000 | |
| 200 | 1 | @a饮用水厂膜法处理技术@AYin Yong Shui Chang Mo Fa Chu Li Ji Shu@f贾瑞宝, 李星, 高乃云等编著@FJia Rui Bao,Li Xing,Gao Nai Yun Deng Bian Zhu |
| 210 | @a北京@c中国建筑工业出版社@d2018.07 | |
| 215 | @a292页@d26cm | |
| 300 | @a"十二五 " 国家重点图书 水体污染控制与治理科技重大专项 | |
| 606 | 0 | @a给水工程:市政工程 |
| 606 | 0 | @a城市供水系统 |
| 690 | @aTU991.2@v4 | |
| 701 | 0 | @a贾瑞宝@AJia Rui Bao@4编著 |
| 701 | 0 | @a李星@ALi Xing@4编著 |
| 701 | 0 | @a高乃云@AGao Nai Yun@4编著 |
| 801 | 0 | @aCN@b大连网信软件有限公司图书馆·11@c20190312 |
| 905 | @aZUCC@dTU991.2@eJ2461 | |
| 饮用水厂膜法处理技术/贾瑞宝, 李星, 高乃云等编著.-北京:中国建筑工业出版社,2018.07 |
| 292页;26cm |
| "十二五 " 国家重点图书 水体污染控制与治理科技重大专项 |
| ISBN 978-7-112-19474-2:CNY69.00 |
| ● |
| 相关链接 |
|
|
|
正题名:饮用水厂膜法处理技术
索取号:TU991.2/J2461
 
预约/预借
| 序号 | 登录号 | 条形码 | 馆藏地/架位号 | 状态 | 备注 |
| 1 | 1244730 | 212447306 | 建筑库201/201建筑库 131排2列2层/ [索取号:TU991.2/J2461] | 在馆 |